<?xml version="1.0" encoding="UTF-8"?>
<record
    xmlns:xsi="http://www.w3.org/2001/XMLSchema-instance"
    xsi:schemaLocation="http://www.loc.gov/MARC21/slim http://www.loc.gov/standards/marcxml/schema/MARC21slim.xsd"
    xmlns="http://www.loc.gov/MARC21/slim">

  <leader>00780cam a22002532a 4500</leader>
  <datafield tag="999" ind1=" " ind2=" ">
    <subfield code="c">35058</subfield>
    <subfield code="d">35058</subfield>
  </datafield>
  <controlfield tag="001">  004464</controlfield>
  <controlfield tag="003">  AR-FADEU</controlfield>
  <controlfield tag="005">20220502154328.0</controlfield>
  <controlfield tag="008">  311216n1995####xxu####################dd</controlfield>
  <datafield tag="020" ind1=" " ind2=" ">
    <subfield code="a">950-518-171-X</subfield>
  </datafield>
  <datafield tag="040" ind1=" " ind2=" ">
    <subfield code="c">Biblioteca Ernesto S&#xE1;bato</subfield>
  </datafield>
  <datafield tag="092" ind1=" " ind2=" ">
    <subfield code="a">301</subfield>
    <subfield code="b">G453c</subfield>
    <subfield code="e"> </subfield>
  </datafield>
  <datafield tag="100" ind1=" " ind2=" ">
    <subfield code="a">Giddens, Anthony</subfield>
  </datafield>
  <datafield tag="245" ind1=" " ind2=" ">
    <subfield code="a">La constituci&#xF3;n de la sociedad : bases para la teor&#xED;a de la estructuraci&#xF3;n</subfield>
  </datafield>
  <datafield tag="260" ind1=" " ind2=" ">
    <subfield code="a">Buenos Aires</subfield>
  </datafield>
  <datafield tag="260" ind1=" " ind2=" ">
    <subfield code="b">Amorrortu</subfield>
  </datafield>
  <datafield tag="260" ind1=" " ind2=" ">
    <subfield code="c">1995</subfield>
  </datafield>
  <datafield tag="300" ind1=" " ind2=" ">
    <subfield code="a">412 p</subfield>
  </datafield>
  <datafield tag="440" ind1=" " ind2=" ">
    <subfield code="a">Biblioteca de sociolog&#xED;a</subfield>
  </datafield>
  <datafield tag="500" ind1=" " ind2=" ">
    <subfield code="a">Incluye bibliograf&#xED;a</subfield>
  </datafield>
  <datafield tag="650" ind1=" " ind2=" ">
    <subfield code="a">SOCIEDAD; ESTRUCTURACION-TEORIA; SOCIEDAD-SISTEMAS SOCIALES; SOCIEDAD-CAMBIO; SOCIEDAD-EVOLUCION; SOCIEDAD-PODER/DO18//PRODO/</subfield>
  </datafield>
  <datafield tag="650" ind1=" " ind2=" ">
    <subfield code="v">/JLS/</subfield>
  </datafield>
  <datafield tag="942" ind1=" " ind2=" ">
    <subfield code="c">JLS</subfield>
    <subfield code="2">ddc</subfield>
  </datafield>
  <datafield tag="952" ind1=" " ind2=" ">
    <subfield code="0">0</subfield>
    <subfield code="1">0</subfield>
    <subfield code="2">ddc</subfield>
    <subfield code="4">0</subfield>
    <subfield code="7">0</subfield>
    <subfield code="a">AR-FADEU</subfield>
    <subfield code="b">AR-FADEU</subfield>
    <subfield code="d">2022-05-02</subfield>
    <subfield code="i">25572</subfield>
    <subfield code="l">0</subfield>
    <subfield code="o">301 G453c</subfield>
    <subfield code="p">25572</subfield>
    <subfield code="r">2022-05-02 00:00:00</subfield>
    <subfield code="w">2022-05-02</subfield>
    <subfield code="y">JLS</subfield>
  </datafield>
</record>
